书目信息 |
| 题名: |
333教育综合应试解析
|
|
| 作者: | 徐影 主编 | |
| 分册: | 中外教育史 | |
| 出版信息: | 北京 北京理工大学出版社有限责任公司 2020.02 |
|
| 页数: | 133页 | |
| 开本: | 26cm | |
| 丛书名: | ||
| 单 册: | ||
| 中图分类: | G40-44 , G44-44 | |
| 科图分类: | ||
| 主题词: | 教育学--jiao yu xue--硕士生入学考试--题解 , 教育心理学--jiao yu xin li xue--硕士生入学考试--题解 | |
| 电子资源: | ||
| ISBN: | 978-7-5682-8133-1 | |
| 000 | 00966nam0 2200277 450 | |
| 001 | 0109110118 | |
| 005 | 20201210110003.76 | |
| 010 | @a978-7-5682-8133-1@dCNY30.90 | |
| 100 | @a20200901d2020 em y0chiy50 ea | |
| 101 | 0 | @achi |
| 102 | @aCN@b110000 | |
| 105 | @ay z 000yy | |
| 106 | @ar | |
| 200 | 1 | @a333教育综合应试解析@A333 jiao yu zong he ying shi jie xi@i中外教育史@f徐影主编 |
| 205 | @a6版 | |
| 210 | @a北京@c北京理工大学出版社有限责任公司@d2020.02 | |
| 215 | @a133页@d26cm | |
| 300 | @a凯程教育硕士精品教程系列 | |
| 330 | @a本书分为教育学原理、中国教育史、外国教育史、教育心理学四部分,具体内容包括:教育学概述、教育的概念、教育与人的发展、教育与社会发展等。 | |
| 606 | 0 | @a教育学@Ajiao yu xue@x硕士生入学考试@j题解 |
| 606 | 0 | @a教育心理学@Ajiao yu xin li xue@x硕士生入学考试@j题解 |
| 690 | @aG40-44@v5 | |
| 690 | @aG44-44@v5 | |
| 701 | 0 | @a徐影@Axu ying@4主编 |
| 801 | 0 | @aCN@bBJSZM@c20201103 |
| 905 | @b1267181-4@dG40-44@e1089:3=6@f4 | |
| 333教育综合应试解析.中外教育史/徐影主编.-6版.-北京:北京理工大学出版社有限责任公司,2020.02 |
| 133页;26cm |
| 凯程教育硕士精品教程系列 |
| ISBN 978-7-5682-8133-1:CNY30.90 |
| 本书分为教育学原理、中国教育史、外国教育史、教育心理学四部分,具体内容包括:教育学概述、教育的概念、教育与人的发展、教育与社会发展等。 |
| ● |
| 相关链接 |
|
|
|
|
正题名:333教育综合应试解析
索取号:G40-44/1089:3=6
 
预约/预借
| 序号 | 登录号 | 条形码 | 馆藏地/架位号 | 状态 | 备注 |
| 1 | 1267173 | 212671731 | 第四借阅区/ [索取号:G40-44/1089:3=6] | 在馆 | |
| 2 | 1267174 | 212671740 | 教育系资料室/ [索取号:G40-44/1089:3=6] | 在馆 | |
| 3 | 1267175 | 212671759 | 教育系资料室/ [索取号:G40-44/1089:3=6] | 在馆 | |
| 4 | 1267176 | 212671768 | 第四借阅区/ [索取号:G40-44/1089:3=6] | 在馆 | |
| 5 | 1267177 | 212671777 | 第四借阅区/ [索取号:G40-44/1089:3=6] | 在馆 | |
| 6 | 1267178 | 212671786 | 教育系资料室/ [索取号:G40-44/1089:3=6] | 在馆 | |
| 7 | 1267179 | 212671795 | 教育系资料室/ [索取号:G40-44/1089:3=6] | 在馆 | |
| 8 | 1267180 | 212671802 | 第四借阅区/ [索取号:G40-44/1089:3=6] | 在馆 | |
| 9 | 1267181 | 212671811 | 第四借阅区/ [索取号:G40-44/1089:3=6] | 在馆 | |
| 10 | 1267182 | 212671820 | 教育系资料室/ [索取号:G40-44/1089:3=6] | 在馆 | |
| 11 | 1267183 | 212671839 | 教育系资料室/ [索取号:G40-44/1089:3=6] | 在馆 | |
| 12 | 1267184 | 212671848 | 第四借阅区/ [索取号:G40-44/1089:3=6] | 在馆 | |
| 13 | 1290903 | 212909030 | 第一样本阅览室/ [索取号:G40-44/1089:3=6] | 在馆 | |
| 14 | 1290904 | 212909049 | 第四借阅区/ [索取号:G40-44/1089:3=6] | 在馆 | |
| 15 | 1290905 | 212909058 | 第四借阅区/ [索取号:G40-44/1089:3=6] | 在馆 | |
| 16 | 1290906 | 212909067 | 第四借阅区/ [索取号:G40-44/1089:3=6] | 在馆 |